| 000 | 01026nas a2200337 4500 | ||
|---|---|---|---|
| 001 | BR2013000610 | ||
| 003 | BR-BrBNA | ||
| 005 | 20231205121825.0 | ||
| 007 | ta | ||
| 008 | 230509b bl.|||p| |||| 00| 00por d | ||
| 040 |
_aBR-BrBNA _bpor _cBiblioteca Nacional de Agricultura |
||
| 041 | _a(Pt) | ||
| 072 | _aL74 | ||
| 100 | 1 | _aRozza, D.B. | |
| 100 | 1 | _aRaymundo, D.L. | |
| 100 | 1 | _aCorrêa, A.M.R. | |
| 100 | 1 | _aLeal, J. | |
| 100 | 1 | _aSeitz, A.L. | |
| 100 | 1 | _aDriemeier, D. | |
| 100 | 1 | _aColodel, E.M. | |
| 245 | 1 | _aIntoxicação espontânea por Baccharis coridifolia (Compositae)em ovinos | |
| 246 | 1 | _aSpontaneous Baccharis coridifolia (Compositae)poisoning in sheep | |
| 650 | _aOVINO | ||
| 650 | _aINTOXICAÇÃO | ||
| 650 | _aPLANTA TÓXICA | ||
| 650 | _aCOMPOSITAE | ||
| 650 | _aBACCHARIS CORIDIFOLIA | ||
| 773 | 0 |
_tPesquisa Veterinária Brasileira (Brazil) _xISSN 0100-736X _g(Jan-Mar 2006), v. 26(1) p. 21-25 _wBR2013000610 |
|
| 909 |
_a202311 _bLúcia _c55 _dLúcia Elande |
||
| 942 |
_2AGRIS _n0 _cANA |
||
| 999 |
_c225429 _d225429 |
||